000 00479nam a22001817a 4500
003 OSt
005 20140310181750.0
008 130626t xxu||||| |||| 00| 0 eng d
020 _a971232401
050 _aPL 5571
_b.So731 1998
082 _aFIL 372.634
_bSo9 1998
245 _aPagsulong sa pagsulat /
_cErnestima Clemente Soyangco.
260 _aManila :
_bRex Bookstore,
_cc1998.
300 _axvii. 113 p. :
_c28 cm.
562 _e1
942 _2lcc
_cBK
999 _c3155
_d3155